Political communication : (Record no. 3492)

MARC details
000 -LEADER
fixed length control field 00889cam a2200193 i 4500
008 - FIXED-LENGTH DATA ELEMENTS--GENERAL INFORMATION
fixed length control field 181101s2019 enk b 001 0 eng c
020 ## - INTERNATIONAL STANDARD BOOK NUMBER
ISBN 9781509528998
020 ## - INTERNATIONAL STANDARD BOOK NUMBER
ISBN 9781509529001
100 1# - MAIN ENTRY--AUTHOR
Author Davis, Aeron,
245 10 - TITLE STATEMENT
Title Political communication :
Remainder of title a new introduction for crisis times /
Statement of responsibility, etc Aeron Davis.
260 ## - PUBLICATION, DISTRIBUTION, ETC. (IMPRINT)
Place of publication Cambridge
Name of publisher Polity
Date of publication 2019
300 ## - COLLATION
Pagination vi, 255p.
Other physical details ill.
520 ## - SUMMARY, ETC.
Summary, etc "We are living in a period of great uncertainty, in which many long-predicted tipping points in media and politics have been reached. Aeron Davis bridges old and new to map the shifts and analyse what they mean for our aging democracies. This important book both introduces and challenges the established literature"--
650 #0 - TRACINGS
Main Subject Communication in politics.
650 #0 - TRACINGS
Main Subject Communication in Politics
Subdivision (2nd) Mass Media-Political aspects
942 ## - ADDED ENTRY ELEMENTS (KOHA)
Item type Books
050 00 - LIBRARY OF CONGRESS CALL NUMBER
Classification number JA85
Item number .D38 2019
082 00 - DEWEY DECIMAL CLASSIFICATION NUMBER
Classification number 320.01/4
Holdings
Source of classification or shelving scheme Not for loan Permanent location Current location Date acquired Accession No. Full call number Barcode. Koha item type
Library of Congress Classification   Samuel Ogbemudia Main Library, University of Abuja Samuel Ogbemudia Main Library, University of Abuja 05/15/2025 2024/64224 JA85.D39 2025-2000 Books